| 000 | 00672nam a2200181Ia 4500 | ||
|---|---|---|---|
| 008 | 100920s9999 xx 000 0 und d | ||
| 082 |
_b22752 _a28 व 51 थ 70 |
||
| 100 | _aफडके विश्वनाथ केशव. | ||
| 245 | _aजॉर्ज वॉशिंग्टन. | ||
| 260 |
_bचिरंजीव ग्रंथ प्रकाशन, पुणे. _c1970 |
||
| 300 |
_a88 _bसाधी |
||
| 365 | _b2 | ||
| 520 | _aबा. वि चरित्र. | ||
| 630 | _aजॉर्ज वॉशिंग्टन. | ||
| 650 | _aबा. वि चरित्र. | ||
| 730 | _aजॉर्ज वॉशिंग्टन. | ||
| 942 | _cBOOK | ||
| 999 |
_c682030 _d682027 |
||